Online
Catalog

Structures syntaxiques / (Record no. 1458)

MARC details
000 -CABECERA
campo de control de longitud fija 00789nam a2200241 a 4500
001 - NÚMERO DE CONTROL
campo de control 000001556
005 - FECHA Y HORA DE LA ÚLTIMA TRANSACCIÓN
campo de control 20220324123757.0
008 - DATOS DE LONGITUD FIJA--INFORMACIÓN GENERAL
campo de control de longitud fija 701007s1969 fr b 000 0 eng
040 ## - FUENTE DE LA CATALOGACIÓN
Centro catalogador/agencia de origen DO-SdBNP
Lengua de catalogación spa
Centro/agencia transcriptor BNPHU
082 ## - NÚMERO DE LA CLASIFICACIÓN DECIMAL DEWEY
Número de clasificación 415
Número de documento/Ítem C548s
100 1# - ENTRADA PRINCIPAL--NOMBRE DE PERSONA
Nombre de persona Chomsky, Noam,
Fechas asociadas al nombre 1928-
9 (RLIN) 5111
245 10 - MENCIÓN DE TÍTULO
Título Structures syntaxiques /
Mención de responsabilidad, etc. Noam Chomsky ; traducción Michel Braudeau.
260 ## - PUBLICACIÓN, DISTRIBUCIÓN, ETC.
Lugar de publicación, distribución, etc. París :
Nombre del editor, distribuidor, etc. Du Seuil,
Fecha de publicación, distribución, etc. 1969.
300 ## - DESCRIPCIÓN FÍSICA
Extensión [141] p. ;
Dimensiones 21 cm.
490 1# - MENCIÓN DE SERIE
Mención de serie Seuil
490 1# - MENCIÓN DE SERIE
Mención de serie L' ordre philosophique.
504 ## - NOTA DE BIBLIOGRAFÍA, ETC.
Nota de bibliografía, etc. Bibliographie : p. 131-140
534 ## - NOTA SOBRE LA VERSIÓN ORIGINAL
Encabezamiento principal del original Título Original:
Mención de título del original Syntactic structures
650 #4 - PUNTO DE ACCESO ADICIONAL DE MATERIA--TÉRMINO DE MATERIA
Término de materia o nombre geográfico como elemento de entrada Gramática comparada y general
9 (RLIN) 1601
650 #0 - PUNTO DE ACCESO ADICIONAL DE MATERIA--TÉRMINO DE MATERIA
Término de materia o nombre geográfico como elemento de entrada Morfología (Gramática)
9 (RLIN) 5112
700 1# - PUNTO DE ACCESO ADICIONAL--NOMBRE DE PERSONA
Nombre de persona Braudeau, Michel,
Término indicativo de función/relación tr.
9 (RLIN) 5113
830 #0 - PUNTO DE ACCESO ADICIONAL DE SERIE-TÍTULO UNIFORME
Título uniforme Seuil,
Nombre de parte o sección de la obra L' ordre philosophique.
9 (RLIN) 5114
Holdings
Estado de retiro Estado de pérdida Restricciones de uso No para préstamo Código de colección Localización permanente Ubicación/localización actual Ubicación en estantería Fecha de adquisición Número de inventario Total de préstamos Signatura topográfica completa Código de barras Fecha visto por última vez Precio válido a partir de Tipo de ítem Koha Número de copia
    Préstamo interno   Monografías: Libros y Folletos General General Depósito 22.09.2009 LF1   415 C548s 1556-10 25.06.2020 25.06.2020 Préstamo interno  
  Extraviado   Excluido de préstamo Monografías: Libros y Folletos General General Extraviado 31.03.2017 LF1   415 C548s 1556-20 25.06.2020 25.06.2020 No se presta e. 2

Powered by Koha